[Event "Superettan(Burgsvik-Lulea)"]
[Site "?"]
[Date "2024.01.19"]
[Round "4"]
[White "Larsson, Victor"]
[Black "Sargsyan, Shant"]
[Result "0-1"]
[WhiteElo "2173"]
[BlackElo "2634"]
[PlyCount "96"]
[SourceVersionDate "2024.02.02"]

1. d4 Nf6 2. c4 d6 3. Nf3 g6 4. Nc3 Bf5 5. Qb3 Qc8 6. Ng5 h6 7. e4 Bg4 8. Nf3
Bxf3 9. gxf3 Bg7 10. Be3 Nc6 11. O-O-O e5 12. dxe5 dxe5 13. Bc5 Nd7 14. Qa3
Nxc5 15. Qxc5 Bf8 16. Qe3 h5 17. Nd5 Bh6 18. f4 O-O 19. Rg1 Qd8 20. Qh3 exf4
21. Qxh5 Bg7 22. Qg4 Ne5 23. Qxf4 c6 24. Nc3 Qa5 25. Qe3 b5 26. cxb5 cxb5 27.
Kb1 Nc6 28. Nd5 Rfe8 29. Qc5 Qa4 30. Bd3 Rac8 31. Bc2 Qa5 32. Qd6 Re6 33. Qd7
Rd8 34. Qb7 Nd4 35. Bd3 Nf3 36. Rg3 Nd2+ 37. Kc2 Bh6 38. f4 Nxe4 39. Bxe4 Qa4+
40. Rb3 Qxe4+ 41. Rbd3 Qc4+ 42. Kb1 Re2 43. Rc3 Rxb2+ 44. Kxb2 Qe2+ 45. Rc2
Qxd1 46. Ne7+ Kh7 47. Nc6 Bg7+ 48. Ne5 Qd4+ 0-1

[Event "Superettan(Rockaden,SthlmII-Kristallen)"]
[Site "?"]
[Date "2024.01.19"]
[Round "4"]
[White "Berovski, Krum"]
[Black "Walinder, Lars"]
[Result "1/2-1/2"]
[WhiteElo "2320"]
[BlackElo "2231"]
[PlyCount "37"]
[SourceVersionDate "2024.02.03"]

1. d4 Nf6 2. c4 e6 3. Nc3 d5 4. cxd5 exd5 5. Bg5 c6 6. e3 Be7 7. Qc2 Nbd7 8.
Bd3 h6 9. Bh4 Nh5 10. Bxe7 Qxe7 11. Nge2 Nb6 12. O-O O-O 13. Ng3 Nxg3 14. hxg3
Bd7 15. Na4 Nxa4 16. Qxa4 Rfe8 17. Rac1 h5 18. Qd1 Bg4 19. Be2 1/2-1/2

[Event "Superettan(Schack 08-Upsala)"]
[Site "?"]
[Date "2024.01.19"]
[Round "4"]
[White "Laveryd, Peter"]
[Black "Bernhard, Jonathan"]
[Result "1-0"]
[WhiteElo "2350"]
[BlackElo "2053"]
[PlyCount "107"]
[SourceVersionDate "2024.02.13"]

1. e4 Nc6 2. Nf3 e5 3. d4 exd4 4. Nxd4 Qf6 5. Be3 Bc5 6. c3 Nge7 7. Nc2 Bb6 8.
Bxb6 axb6 9. Ne3 Qe6 10. Qc2 Na5 11. c4 O-O 12. Bd3 Nec6 13. Nd2 Nb4 14. Qc3
Nxd3+ 15. Qxd3 Nc6 16. O-O Qe5 17. Rfb1 Qd4 18. Qe2 Nb4 19. a3 Na6 20. Nc2 Qf6
21. b4 d6 22. Qd3 Re8 23. Re1 Nb8 24. Ne3 Be6 25. g3 Nc6 26. Nc2 Ne5 27. Qe2
Bg4 28. Qe3 Nf3+ 29. Nxf3 Bxf3 30. Qd3 h5 31. Re3 Bg4 32. f3 Bh3 33. Rd1 Re7
34. Nd4 Rae8 35. Ne2 g5 36. Nc3 Qg6 37. Nd5 Rd7 38. Qd4 Re6 39. Rde1 Qg7 40.
Qd2 Re5 41. Kh1 f6 42. f4 Re8 43. f5 Rdd8 44. Qe2 Bg4 45. Qg2 c6 46. Nc3 Qf7
47. h3 Qxc4 48. hxg4 hxg4 49. Qe2 Qd4 50. Rd3 Qe5 51. Re3 Rd7 52. Kg2 Rh7 53.
Nd1 Kg7 54. Nf2 1-0

[Event "Superettan(Burgsvik-Lulea)"]
[Site "?"]
[Date "2024.01.19"]
[Round "4"]
[White "Hermansson, Emil"]
[Black "Andersson, Tommy"]
[Result "1-0"]
[WhiteElo "2425"]
[BlackElo "2358"]
[PlyCount "77"]
[SourceVersionDate "2024.02.02"]

1. e4 c5 2. Nf3 d6 3. d4 cxd4 4. Nxd4 Nf6 5. Nc3 a6 6. Be3 e5 7. Nb3 Be6 8. f3
Be7 9. Qd2 h5 10. Nd5 Nxd5 11. exd5 Bf5 12. Be2 O-O 13. O-O Nd7 14. c4 Bg6 15.
Na5 Qc8 16. b4 Bd8 17. Nb3 b6 18. Rac1 a5 19. c5 bxc5 20. bxc5 a4 21. cxd6 Qb8
22. Nc5 Nxc5 23. Rxc5 Bb6 24. Rc6 Ba5 25. Qc1 Rd8 26. f4 exf4 27. Bxf4 a3 28.
Bc4 Qb2 29. Qe3 Re8 30. Qg3 Rad8 31. Bg5 Rd7 32. Qh3 Be4 33. Kh1 f5 34. Bc1 Qc2
35. Bb5 Qb1 36. Rc5 Rdd8 37. Bxe8 Rxe8 38. d7 Rd8 39. Rxa5 1-0

[Event "Superettan(Rockaden,SthlmII-Kristallen)"]
[Site "?"]
[Date "2024.01.19"]
[Round "4"]
[White "Andersson, Goran L"]
[Black "Hedman, Erik"]
[Result "1/2-1/2"]
[WhiteElo "2184"]
[BlackElo "2311"]
[PlyCount "80"]
[SourceVersionDate "2024.02.03"]

1. e4 e5 2. Nf3 Nc6 3. Bb5 a6 4. Ba4 Nf6 5. O-O b5 6. Bb3 Bc5 7. c3 d6 8. d4
Bb6 9. Be3 Bg4 10. dxe5 Bxf3 11. Qxf3 Nxe5 12. Qe2 Bxe3 13. Qxe3 O-O 14. Nd2
Re8 15. f4 Ned7 16. Qf3 Rb8 17. Rae1 Nc5 18. Bc2 b4 19. Nb3 Nxb3 20. Bxb3 bxc3
21. bxc3 Re7 22. e5 Qe8 23. Qg3 Nd7 24. exd6 cxd6 25. Rxe7 Qxe7 26. Re1 Qf8 27.
Qe3 Nf6 28. Qe7 Re8 29. Qxf8+ Kxf8 30. Rd1 Ke7 31. Rd4 Rc8 32. Ra4 Rxc3 33.
Rxa6 Rc1+ 34. Kf2 Ne4+ 35. Ke3 f5 36. g4 Re1+ 37. Kf3 Rf1+ 38. Ke3 Re1+ 39. Kf3
Rf1+ 40. Ke3 Re1+ 1/2-1/2

[Event "Superettan(Schack 08-Upsala)"]
[Site "?"]
[Date "2024.01.19"]
[Round "4"]
[White "Wagner, Stephan"]
[Black "Ask, Josef"]
[Result "1-0"]
[WhiteElo "2264"]
[BlackElo "2174"]
[PlyCount "87"]
[SourceVersionDate "2024.02.13"]

1. c4 g6 2. Nc3 Bg7 3. g3 d6 4. Bg2 e5 5. e3 Nc6 6. Nge2 f5 7. d4 e4 8. Nf4 Nf6
9. f3 exf3 10. Bxf3 O-O 11. O-O g5 12. Nfd5 h6 13. b4 Ne7 14. Qb3 Nexd5 15.
Nxd5 Nxd5 16. Bxd5+ Kh8 17. Bb2 g4 18. b5 h5 19. e4 Qg5 20. e5 h4 21. Rae1 h3
22. e6 Re8 23. Qd3 Rf8 24. Rf2 Qf6 25. c5 Rb8 26. Qa3 Ra8 27. cxd6 cxd6 28.
Qxd6 Rd8 29. Qc5 Bf8 30. Qc4 Be7 31. Re5 Qh6 32. Bc1 Bg5 33. Bxg5 Qxg5 34.
Rexf5 Qe3 35. Re5 Qh6 36. Qc7 Rxd5 37. e7 Be6 38. Rxd5 Bxd5 39. Qe5+ Kh7 40.
e8=Q Rxe8 41. Qxe8 Qc1+ 42. Rf1 Qd2 43. Qh5+ Kg7 44. Qxd5 1-0

[Event "Superettan(Burgsvik-Lulea)"]
[Site "?"]
[Date "2024.01.19"]
[Round "4"]
[White "Persson, Mats"]
[Black "Marcussen, Arno"]
[Result "1-0"]
[WhiteElo "2252"]
[BlackElo "2185"]
[PlyCount "85"]
[SourceVersionDate "2024.02.02"]

1. e4 c5 2. Nf3 e6 3. Nc3 Nf6 4. g3 d5 5. exd5 Nxd5 6. Bg2 Be7 7. Nxd5 Qxd5 8.
O-O Nc6 9. Re1 Qh5 10. Ne5 Qxd1 11. Bxc6+ bxc6 12. Rxd1 Bd6 13. Nc4 Bc7 14. b3
Ba6 15. Ba3 Bb6 16. Nd6+ Ke7 17. Ne4 Kd7 18. d3 h5 19. h4 f5 20. Nxc5+ Bxc5 21.
Bxc5 e5 22. Re1 Rhe8 23. Re3 Re6 24. Rae1 Rae8 25. Bxa7 Kd6 26. Bb6 c5 27. f4
e4 28. dxe4 Rxe4 29. Rxe4 Rxe4 30. Rxe4 fxe4 31. Kf2 c4 32. Ke3 Kd5 33. f5 Ke5
34. Bd4+ Kxf5 35. Bxg7 cxb3 36. axb3 Bb5 37. c4 Ba6 38. Kd4 Bb7 39. b4 Kg4 40.
Be5 Kf5 41. Bf4 Bc6 42. b5 Bd7 43. Kd5 1-0

[Event "Superettan(Rockaden,SthlmII-Kristallen)"]
[Site "?"]
[Date "2024.01.19"]
[Round "4"]
[White "Eriksson, Dan"]
[Black "van Hengel, Hugo"]
[Result "1/2-1/2"]
[WhiteElo "2240"]
[BlackElo "2245"]
[PlyCount "114"]
[SourceVersionDate "2024.02.03"]

1. e4 Nf6 2. e5 Nd5 3. c4 Nb6 4. d4 d6 5. f4 g5 6. exd6 Qxd6 7. c5 Qe6+ 8. Be2
Nd5 9. fxg5 Bg7 10. Nf3 Nc6 11. Nc3 O-O 12. Nxd5 Qxd5 13. Be3 Rd8 14. O-O Qe4
15. Qd3 Qxd3 16. Bxd3 e5 17. Bc4 exd4 18. Bf4 Be6 19. Bxe6 fxe6 20. Bxc7 Rd5
21. Rae1 Re8 22. b4 Nxb4 23. Rb1 Nxa2 24. Rxb7 Rxc5 25. Rxa7 Nc3 26. Bb6 Rd5
27. Rxg7+ Kxg7 28. Bxd4+ Rxd4 29. Nxd4 e5 30. Nf5+ Kg6 31. h4 e4 32. Ne3 Re6
33. g4 Ne2+ 34. Kg2 Nd4 35. Rf5 Ra6 36. h5+ Kg7 37. Rf4 Ra2+ 38. Rf2 Rxf2+ 39.
Kxf2 Nf3 40. Nf5+ Kg8 41. g6 hxg6 42. Ne7+ Kg7 43. Nxg6 Kh6 44. Kg3 Kg5 45. Nf4
Ne5 46. Nh3+ Kf6 47. Kf4 e3 48. g5+ Ke6 49. Kxe3 Kf5 50. Kf2 Kg4 51. g6 Kxh5
52. g7 Ng4+ 53. Kf3 Nf6 54. Nf4+ Kh6 55. Ne6 Kh7 56. Kf4 Nh5+ 57. Kg5 Nxg7
1/2-1/2

[Event "Superettan(Schack 08-Upsala)"]
[Site "?"]
[Date "2024.01.19"]
[Round "4"]
[White "Bjorkeroth, Johan"]
[Black "Karlsson, Leif"]
[Result "1-0"]
[WhiteElo "2144"]
[BlackElo "1799"]
[PlyCount "85"]
[SourceVersionDate "2024.02.13"]

1. e4 d6 2. d4 Nf6 3. Nc3 g6 4. f4 Bg7 5. Nf3 O-O 6. Bd3 c6 7. O-O b5 8. e5
dxe5 9. fxe5 Ng4 10. Be4 Qb6 11. Kh1 f5 12. Bd3 e6 13. Qe2 a6 14. a4 Bb7 15. h3
Nh6 16. Be3 Qd8 17. Ng5 Re8 18. Qf2 Nd7 19. Ne2 Nf8 20. Rfd1 Qe7 21. c4 bxa4
22. c5 Nf7 23. Nxf7 Qxf7 24. Nc3 h6 25. Nxa4 g5 26. Nb6 Ra7 27. Nc4 Qc7 28. Nd6
Re7 29. Ra3 Bc8 30. Rda1 Qb8 31. Bc4 Kh7 32. Qc2 Kh8 33. Bd2 Qa8 34. Ba5 Rad7
35. Bb6 Rxd6 36. cxd6 Rd7 37. Bxa6 Bxa6 38. Rxa6 Qb7 39. Qc5 Rxd6 40. Qxd6 Qf7
41. Ra8 g4 42. R1a7 Qh5 43. Rxg7 1-0

[Event "Superettan(Burgsvik-Lulea)"]
[Site "?"]
[Date "2024.01.19"]
[Round "4"]
[White "Ernst, Thomas"]
[Black "Hakansson, Rustan"]
[Result "1-0"]
[WhiteElo "2298"]
[BlackElo "1951"]
[PlyCount "67"]
[SourceVersionDate "2024.02.02"]

1. e4 c5 2. Nf3 Nc6 3. d4 cxd4 4. Nxd4 e5 5. Nb5 d6 6. c4 f5 7. N1c3 a6 8. Na3
Nf6 9. Bd3 f4 10. Nd5 Be7 11. g3 O-O 12. Nc2 fxg3 13. hxg3 Ng4 14. f3 Nf6 15.
Be3 Be6 16. Qd2 Rc8 17. O-O-O Bxd5 18. exd5 Na5 19. b3 g6 20. Kb2 b5 21. cxb5
axb5 22. Bxb5 Rb8 23. a4 Nh5 24. g4 Nf4 25. Nb4 Bf6 26. Ka2 Rxb5 27. axb5 Qa8
28. Na6 Rb8 29. Qxa5 Bd8 30. Qa4 Rc8 31. Bxf4 exf4 32. Rc1 Rxc1 33. Rxc1 Qxd5
34. Qc4 1-0

[Event "Superettan(Rockaden,SthlmII-Kristallen)"]
[Site "?"]
[Date "2024.01.19"]
[Round "4"]
[White "Persson, Andreas"]
[Black "Bryntze, Stefan"]
[Result "1/2-1/2"]
[WhiteElo "2126"]
[BlackElo "2182"]
[PlyCount "43"]
[SourceVersionDate "2024.02.03"]

1. d4 b6 2. Nf3 Bb7 3. g3 e6 4. Bg2 c5 5. O-O cxd4 6. Qxd4 Nf6 7. c4 Be7 8. Nc3
O-O 9. e4 Nc6 10. Qd3 d5 11. e5 Nd7 12. cxd5 Nb4 13. Qb1 Nxd5 14. Nxd5 Bxd5 15.
h4 Bxf3 16. Bxf3 Nxe5 17. Bxa8 Qxa8 18. Rd1 Nf3+ 19. Kf1 Nh2+ 20. Kg1 Nf3+ 21.
Kf1 Nh2+ 22. Kg1 1/2-1/2

[Event "Superettan(Burgsvik-Lulea)"]
[Site "?"]
[Date "2024.01.19"]
[Round "4"]
[White "Andersson, Bjorn"]
[Black "Marklund, Niklas"]
[Result "0-1"]
[WhiteElo "2163"]
[BlackElo "2148"]
[PlyCount "142"]
[SourceVersionDate "2024.02.02"]

1. e4 c5 2. Nf3 d6 3. d4 cxd4 4. Nxd4 Nf6 5. Nc3 a6 6. Be2 e6 7. O-O Be7 8. Kh1
O-O 9. a4 Qc7 10. f4 Nc6 11. f5 Bd7 12. Be3 Rae8 13. Qd2 Ne5 14. Rad1 Nc4 15.
Bxc4 Qxc4 16. Bg5 Rc8 17. Rf3 b5 18. axb5 axb5 19. b3 Qc5 20. Qe2 Rb8 21. Rg3
Kh8 22. e5 dxe5 23. Bxf6 gxf6 24. Ne4 Qa7 25. Qh5 Rg8 26. Qxf7 Rxg3 27. hxg3
Be8 28. Nc6 Bxf7 29. Nxa7 exf5 30. Nc6 Re8 31. Nxe7 fxe4 32. Nf5 Bh5 33. Rd6
Rf8 34. c4 bxc4 35. bxc4 Bg6 36. Nh4 Kg7 37. g4 Rc8 38. Kg1 Rxc4 39. Kf2 e3+
40. Kf3 Rf4+ 41. Kxe3 Rxg4 42. Nf3 Rxg2 43. Rd7+ Kh6 44. Rd6 Kg7 45. Rd7+ Kf8
46. Ra7 Rg3 47. Kf2 Rg4 48. Ke3 Re4+ 49. Kf2 Rg4 50. Ke3 Bf7 51. Nd2 Kg7 52.
Ne4 Kg6 53. Nd6 Bd5 54. Ne8 Rg3+ 55. Kf2 Rg2+ 56. Kf1 Ra2 57. Rg7+ Kf5 58. Rxh7
Ra6 59. Kf2 Ke4 60. Nc7 Ra2+ 61. Kg3 Ra3+ 62. Kf2 Ra2+ 63. Kg3 f5 64. Re7 f4+
65. Kg4 Rg2+ 66. Kh3 Rg8 67. Kh2 Bc4 68. Ne8 Rg6 69. Rd7 f3 70. Nd6+ Rxd6 71.
Rxd6 f2 0-1

[Event "Superettan(Rockaden,SthlmII-Kristallen)"]
[Site "?"]
[Date "2024.01.19"]
[Round "4"]
[White "Zadruzny, Nicolaj"]
[Black "Naslund, Mikael"]
[Result "1/2-1/2"]
[WhiteElo "2212"]
[BlackElo "2136"]
[PlyCount "113"]
[SourceVersionDate "2024.02.03"]

1. Nf3 Nf6 2. g3 g6 3. Bg2 d5 4. O-O Bg7 5. d4 O-O 6. c4 dxc4 7. Na3 c3 8. bxc3
c5 9. Nc4 Nc6 10. Nfe5 Nd5 11. Bb2 Nxe5 12. Nxe5 Bxe5 13. dxe5 Nb6 14. Qxd8
Rxd8 15. Ba3 Na4 16. Rfd1 Rxd1+ 17. Rxd1 Be6 18. Bxb7 Rb8 19. Ba6 Nxc3 20. Rc1
Nxa2 21. Rxc5 Nb4 22. Bb5 a6 23. Bxb4 Rxb5 24. Rxb5 axb5 25. Bxe7 Bc4 26. e3 h5
27. Kg2 Bd5+ 28. Kh3 Bf3 29. Kh4 Bd5 30. Kg5 Bf3 31. Kf6 Bd5 32. Bb4 Be4 33.
Bc5 Bd5 34. f4 Be4 35. Ba3 Bf5 36. Bb4 Be4 37. e6 fxe6 38. Kxe6 Bf5+ 39. Kf6
Bd3 40. h3 Bf5 41. Kg5 Kf7 42. g4 hxg4 43. hxg4 Bd7 44. f5 gxf5 45. gxf5 Bc8
46. Kf4 Bd7 47. Bc3 Bc8 48. Ke4 Bd7 49. Ke5 Bc8 50. e4 Bb7 51. Bb2 Bc6 52. Kd4
Bb7 53. e5 Bc8 54. Ke4 Bb7+ 55. Kf4 Bc8 56. Kg5 Bd7 57. e6+ 1/2-1/2

[Event "Superettan(Rockaden,SthlmII-Kristallen)"]
[Site "?"]
[Date "2024.01.19"]
[Round "4"]
[White "Ljung, Harald"]
[Black "Svorono, Gabriel"]
[Result "1/2-1/2"]
[WhiteElo "2120"]
[BlackElo "2126"]
[PlyCount "113"]
[SourceVersionDate "2024.02.03"]

1. d4 Nf6 2. Nf3 d5 3. c4 e6 4. Bf4 Bd6 5. Bg3 O-O 6. e3 b6 7. Nc3 Bb7 8. cxd5
Nxd5 9. Bd3 Nd7 10. O-O Bxg3 11. hxg3 c5 12. Rc1 Rc8 13. Ne2 Qe7 14. Qa4 cxd4
15. exd4 a6 16. Nc3 N7f6 17. Rfe1 b5 18. Qb3 Nxc3 19. bxc3 Bd5 20. c4 bxc4 21.
Bxc4 Qb7 22. Bxd5 Qxd5 23. Qa3 g6 24. Rxc8 Rxc8 25. Qe7 Qd8 26. Qb7 a5 27. Ne5
Qc7 28. Rb1 Nd5 29. Qxc7 Rxc7 30. Rb8+ Kg7 31. Ra8 Rc1+ 32. Kh2 Rc2 33. Rxa5
Rxf2 34. Kg1 Rd2 35. Ra7 Rxd4 36. Rxf7+ Kg8 37. Ra7 Re4 38. Nf7 Re2 39. Nh6+
Kh8 40. g4 g5 41. Nf7+ Kg7 42. Nxg5+ Kg6 43. Nh3 Rc2 44. a4 Ne3 45. Nf2 Ra2 46.
a5 Ra1+ 47. Kh2 Nf1+ 48. Kh3 Ra3+ 49. Kh4 Ne3 50. g5 Nxg2+ 51. Kg4 Ra4+ 52. Kg3
Nf4 53. a6 Nd5 54. Nh3 Ra3+ 55. Kh2 Ra2+ 56. Kg3 Ra3+ 57. Kh2 1/2-1/2

[Event "Superettan(Burgsvik-Lulea)"]
[Site "?"]
[Date "2024.01.19"]
[Round "4"]
[White "Tuvesson, Mats"]
[Black "Pettersson, Tobias"]
[Result "1-0"]
[WhiteElo "2017"]
[BlackElo "2051"]
[PlyCount "61"]
[SourceVersionDate "2024.02.02"]

1. d4 d6 2. c4 Nf6 3. Nc3 g6 4. e4 Bg7 5. Nf3 O-O 6. Be2 Nbd7 7. O-O e5 8. d5
Qe7 9. Nd2 c5 10. a3 Ne8 11. b4 b6 12. Nb3 f5 13. bxc5 Nxc5 14. Nxc5 bxc5 15.
Rb1 Nf6 16. f3 f4 17. Bd2 g5 18. g4 h5 19. h3 Kf7 20. Kg2 Rh8 21. Qa4 hxg4 22.
hxg4 Rh4 23. Qc6 Qd7 24. Qxa8 Nxg4 25. fxg4 Rxg4+ 26. Kf2 Rg2+ 27. Ke1 Qh3 28.
Qxa7+ Kg6 29. Qe7 Bg4 30. Rb7 Qh4+ 31. Kd1 1-0

[Event "Superettan(Rockaden,SthlmII-Kristallen)"]
[Site "?"]
[Date "2024.01.19"]
[Round "4"]
[White "Jonsson, Filip"]
[Black "Dingertz, Erik"]
[Result "1-0"]
[WhiteElo "2058"]
[BlackElo "2121"]
[PlyCount "79"]
[SourceVersionDate "2024.02.03"]

1. d4 Nf6 2. Nf3 d5 3. g3 e6 4. Bg2 Be7 5. O-O O-O 6. c4 dxc4 7. Qc2 a6 8. a4
Bd7 9. Qxc4 Bc6 10. Bg5 Bd5 11. Qc2 Be4 12. Qc1 h6 13. Bf4 c6 14. Rd1 a5 15.
Nc3 Bh7 16. Ne5 Na6 17. e4 Nb4 18. Nc4 Rc8 19. Qd2 Ne8 20. Qe2 Nd6 21. Bxd6
Bxd6 22. Rac1 Bb8 23. e5 Qe7 24. Nxa5 Rfd8 25. Be4 c5 26. Bxh7+ Kxh7 27. Qe4+
g6 28. dxc5 Na6 29. b4 Rxd1+ 30. Rxd1 Nxc5 31. bxc5 Qxc5 32. Nb5 Bxe5 33. Nb3
Qc4 34. Qxe5 Qxb3 35. Rd7 Qf3 36. Qf4 Qxf4 37. gxf4 Kg7 38. Rxb7 Rc4 39. Rxf7+
Kg8 40. Ra7 1-0

[Event "Superettan(Schack 08-Rockaden,Sthlm II)"]
[Site "?"]
[Date "2023.10.15"]
[Round "3"]
[White "Laveryd, Peter"]
[Black "Crevatin, Leo"]
[Result "1/2-1/2"]
[WhiteElo "2354"]
[BlackElo "2292"]
[PlyCount "112"]
[SourceVersionDate "2023.11.04"]

1. e4 c6 2. d4 d5 3. e5 c5 4. Nf3 cxd4 5. Nxd4 Nc6 6. Bb5 Bd7 7. c4 Nxd4 8.
Bxd7+ Qxd7 9. Qxd4 Rc8 10. O-O Rxc4 11. Qxa7 e6 12. Be3 Ne7 13. Nd2 Rc8 14.
Rac1 Nc6 15. Qa4 Be7 16. Qg4 g6 17. Nf3 O-O 18. Bh6 Rfe8 19. Qf4 Bf8 20. Bxf8
Rxf8 21. Qh6 f6 22. exf6 Rxf6 23. Qe3 Rff8 24. Rfe1 Rfe8 25. Ne5 Nxe5 26. Rxc8
Nf3+ 27. Qxf3 Rxc8 28. h4 Qf7 29. Qg3 Rc2 30. h5 Kg7 31. Re3 Qf5 32. Re5 Qf6
33. hxg6 hxg6 34. Re3 Qf5 35. Qh4 g5 36. Qd4+ Qf6 37. Qxf6+ Kxf6 38. Rb3 Rc1+
39. Kh2 Ke5 40. Kg3 Rc7 41. Kf3 Kd4 42. Ke2 Rc2+ 43. Ke1 Rc7 44. Kd2 Rf7 45. f3
e5 46. Rb4+ Kc5 47. Rg4 Rf5 48. Ra4 Rf4 49. Ra5+ Kc6 50. Ra8 g4 51. Ke3 gxf3
52. gxf3 Rh4 53. Rc8+ Kd6 54. Rd8+ Kc6 55. Rc8+ Kd6 56. Rd8+ Kc6 1/2-1/2

[Event "Superettan(Kristallen-Helsingborg)"]
[Site "?"]
[Date "2023.10.15"]
[Round "3"]
[White "Lindh, Fredrik"]
[Black "Sylvan, Jacob"]
[Result "1/2-1/2"]
[WhiteElo "2264"]
[BlackElo "2296"]
[PlyCount "110"]
[SourceVersionDate "2023.11.04"]

1. e4 c5 2. Nf3 e6 3. d4 cxd4 4. Nxd4 Nc6 5. Nc3 Qc7 6. Be3 a6 7. Be2 Nf6 8.
O-O Be7 9. f4 d6 10. Qe1 O-O 11. Qg3 Nxd4 12. Bxd4 b5 13. a3 Bb7 14. Rae1 Rad8
15. Kh1 Bc6 16. Bd3 Qd7 17. Nd1 Nh5 18. Qg4 Nf6 19. Qe2 Qc7 20. Qe3 Qb7 21. Nf2
Rfe8 22. Qh3 g6 23. Re3 Qc7 24. Ng4 Nxg4 25. Qxg4 e5 26. Bc3 Bf8 27. Rh3 f6 28.
Qh4 Qg7 29. Rhf3 Be7 30. Qf2 Rc8 31. Bb4 d5 32. exd5 Bxd5 33. Re3 Bxb4 34. axb4
e4 35. Rfe1 f5 36. c3 Red8 37. Bc2 Bc4 38. g4 Qf6 39. gxf5 gxf5 40. Rg3+ Kh8
41. Rg5 Rg8 42. Qh4 Qe6 43. Re3 Rxg5 44. fxg5 Re8 45. Rh3 Qg6 46. Qf4 Bf7 47.
Rh6 Qg7 48. Qxf5 Bg6 49. Qf6 Qxf6 50. gxf6 Kg8 51. Bb3+ Kf8 52. Kg1 Re5 53. Kf2
Rf5+ 54. Ke2 Rxf6 55. Rh4 Ke7 1/2-1/2

[Event "Superettan(SS 4 Springare-Burgsvik)"]
[Site "?"]
[Date "2023.10.15"]
[Round "3"]
[White "Larkin, Vladyslav"]
[Black "Andersson, Bjorn"]
[Result "1-0"]
[WhiteElo "2464"]
[BlackElo "2165"]
[PlyCount "57"]
[SourceVersionDate "2023.11.04"]

1. d4 c5 2. d5 g6 3. Nc3 d6 4. e4 Bg7 5. Bb5+ Bd7 6. a4 Na6 7. Nf3 Nc7 8. Be2
a6 9. a5 Nb5 10. O-O Nxc3 11. bxc3 Bxc3 12. Rb1 Qc7 13. e5 dxe5 14. Rb3 Bxa5
15. Bb2 f6 16. Qa1 Bg4 17. h3 c4 18. hxg4 cxb3 19. cxb3 Qc2 20. Bc4 Bb6 21.
Nxe5 Rd8 22. Nd3 Nh6 23. Bxf6 Rg8 24. Qa4+ Kf7 25. d6+ e6 26. Bg5 Rxd6 27. Qb4
Bd8 28. Ne5+ Kg7 29. Qxb7+ 1-0

[Event "Superettan(Schack 08-Rockaden,Sthlm II)"]
[Site "?"]
[Date "2023.10.15"]
[Round "3"]
[White "Bryntze, Stefan"]
[Black "Ask, Josef"]
[Result "0-1"]
[WhiteElo "2236"]
[BlackElo "2162"]
[PlyCount "66"]
[SourceVersionDate "2023.11.04"]

1. f4 Nf6 2. Nf3 c5 3. e3 g6 4. b3 Bg7 5. Bb2 O-O 6. Be2 d6 7. O-O Nc6 8. Bb5
Bd7 9. Qe2 a6 10. Bxc6 Bxc6 11. d3 b5 12. Nbd2 Qb8 13. Qe1 a5 14. Qh4 a4 15. e4
axb3 16. axb3 Qb7 17. g4 Rxa1 18. Bxa1 Ra8 19. f5 Ra2 20. fxg6 hxg6 21. Ng5 Qa7
22. Bxf6 exf6 23. Qh7+ Kf8 24. Ndf3 fxg5 25. Nxg5 Bd4+ 26. Kh1 Be8 27. Qxg6 Ra1
28. Qxd6+ Kg8 29. Kg2 Rxf1 30. Kxf1 Qa1+ 31. Ke2 Qc1 32. Qd8 Qxc2+ 33. Ke1 Qc1+
0-1

[Event "Superettan(Kristallen-Helsingborg)"]
[Site "?"]
[Date "2023.10.15"]
[Round "3"]
[White "Semcesen, Daniel"]
[Black "Andersson, Goran L"]
[Result "1-0"]
[WhiteElo "2457"]
[BlackElo "2200"]
[PlyCount "85"]
[SourceVersionDate "2023.11.04"]

1. d4 d5 2. c4 e6 3. Nc3 Nf6 4. Bg5 Bb4 5. cxd5 exd5 6. Qa4+ Nc6 7. Nf3 h6 8.
Bxf6 Qxf6 9. e3 O-O 10. Be2 Be6 11. a3 Bd6 12. Nb5 Qd8 13. Nxd6 Qxd6 14. O-O
Bg4 15. Rfc1 Ne7 16. Qb4 Qxb4 17. axb4 c6 18. b5 Rfc8 19. h3 Bxf3 20. Bxf3 Kf8
21. Rc3 Ke8 22. Rca3 cxb5 23. Rxa7 Rxa7 24. Rxa7 Rc1+ 25. Kh2 Rb1 26. Rxb7 Rxb2
27. Kg3 Nf5+ 28. Kf4 Ne7 29. Ke5 Rxf2 30. Rxb5 Rc2 31. Rb8+ Kd7 32. Rb7+ Kd8
33. Bxd5 Nxd5 34. Kxd5 Rxg2 35. Rxf7 Rg3 36. e4 g5 37. Ke6 Rxh3 38. d5 g4 39.
Rf8+ Kc7 40. d6+ Kb7 41. d7 Rd3 42. d8=Q Rxd8 43. Rxd8 1-0

[Event "Superettan(SS 4 Springare-Burgsvik)"]
[Site "?"]
[Date "2023.10.15"]
[Round "3"]
[White "Persson, Mats"]
[Black "Mattsson, Michael"]
[Result "1/2-1/2"]
[WhiteElo "2311"]
[BlackElo "2066"]
[PlyCount "137"]
[SourceVersionDate "2023.11.04"]

1. e4 e5 2. Nc3 Nf6 3. g3 d5 4. exd5 Nxd5 5. Bg2 Nxc3 6. bxc3 Bc5 7. Ne2 O-O 8.
O-O Nc6 9. d3 Bg4 10. h3 Bh5 11. g4 Bg6 12. Ng3 Qh4 13. Qf3 Bb6 14. Ba3 Rfe8
15. Rab1 Re6 16. Nf5 Bxf5 17. gxf5 Rh6 18. Bc1 Rf6 19. Qg4 Qxg4 20. hxg4 h6 21.
Be4 Rb8 22. Ba3 g6 23. Kg2 Kg7 24. Rb5 Rd8 25. f3 a6 26. Rb3 Rb8 27. Re1 Na5
28. Rb2 Ba7 29. fxg6 fxg6 30. Bd5 c6 31. Be4 b5 32. Rbb1 Nb7 33. Rh1 Be3 34.
Rbd1 Nc5 35. Rhe1 Nxe4 36. dxe4 Bb6 37. Rd7+ Rf7 38. Red1 Rb7 39. R7d6 c5 40.
Re6 Rfe7 41. Rdd6 Rxe6 42. Rxe6 Kf7 43. Rxe5 Rd7 44. Rd5 Rxd5 45. exd5 Ke7 46.
Bc1 Kd6 47. Bxh6 Kxd5 48. Kf2 a5 49. Ke2 a4 50. Kd3 c4+ 51. Kd2 Ke5 52. Bg5 Bc5
53. Ke2 Bb6 54. Bh6 Bc5 55. Be3 Be7 56. Bg1 Kd5 57. Be3 Bf6 58. Bd2 Ke5 59. Kf2
Kd5 60. Ke3 Ke5 61. f4+ Kd5 62. Be1 Bg7 63. Kf3 Bf6 64. Bd2 Bg7 65. g5 Bh8 66.
Be1 Bg7 67. Bd2 Bh8 68. Be1 Bg7 69. Bd2 1/2-1/2

[Event "Superettan(Schack 08-Rockaden,Sthlm II)"]
[Site "?"]
[Date "2023.10.15"]
[Round "3"]
[White "Karlsson, Tomas"]
[Black "Eriksson, Dan"]
[Result "1-0"]
[WhiteElo "2274"]
[BlackElo "2252"]
[PlyCount "67"]
[SourceVersionDate "2023.11.04"]

1. e4 e5 2. Nf3 Nc6 3. Bb5 a6 4. Ba4 Nf6 5. O-O Be7 6. Re1 b5 7. Bb3 O-O 8. c3
d5 9. exd5 Nxd5 10. Nxe5 Nxe5 11. Rxe5 c6 12. d4 Bd6 13. Re1 Qh4 14. g3 Qh3 15.
Re4 g5 16. Qf1 Qh5 17. Nd2 f5 18. Bd1 Qg6 19. Re1 g4 20. c4 Nf6 21. a4 f4 22.
axb5 fxg3 23. hxg3 cxb5 24. c5 Bc7 25. Qg2 Bf5 26. Nf1 Ne4 27. Ne3 Rae8 28.
Nxf5 Qxf5 29. Be3 Ng5 30. Bb3+ Kh8 31. Bxg5 Qxg5 32. Rxe8 Rxe8 33. Qc6 Bxg3 34.
Qxe8+ 1-0

[Event "Superettan(Kristallen-Helsingborg)"]
[Site "?"]
[Date "2023.10.15"]
[Round "3"]
[White "Ljung, Harald"]
[Black "Johansson, Thomas"]
[Result "1-0"]
[WhiteElo "2164"]
[BlackElo "2196"]
[PlyCount "61"]
[SourceVersionDate "2023.11.04"]

1. d4 Nf6 2. Nf3 e6 3. g3 b6 4. Bg2 Bb7 5. O-O Be7 6. b3 c5 7. e3 O-O 8. Bb2
cxd4 9. exd4 d6 10. Nbd2 b5 11. c4 bxc4 12. bxc4 Nbd7 13. Rb1 Qc7 14. Ba3 Nb6
15. Qc2 Rac8 16. Rfc1 Bc6 17. Qd3 Qd7 18. Bh3 Bxf3 19. Qxf3 Qa4 20. Qb3 Rc7 21.
c5 dxc5 22. dxc5 Qxb3 23. Nxb3 Nbd5 24. Nd4 Ne4 25. Nxe6 fxe6 26. Bxe6+ Kh8 27.
Bxd5 Nxc5 28. Rc2 Rfc8 29. Rbc1 Na6 30. Rxc7 Rxc7 31. Re1 1-0

[Event "Superettan(SS 4 Springare-Burgsvik)"]
[Site "?"]
[Date "2023.10.15"]
[Round "3"]
[White "Poley, Vladimir"]
[Black "Haitin, Ilja"]
[Result "1/2-1/2"]
[WhiteElo "2284"]
[BlackElo "2284"]
[PlyCount "86"]
[SourceVersionDate "2023.11.04"]

1. Nf3 Nf6 2. b3 d5 3. Bb2 Bf5 4. e3 h6 5. c4 e6 6. Nc3 c6 7. Be2 Be7 8. O-O
Nbd7 9. cxd5 exd5 10. a3 O-O 11. d3 Nc5 12. Nd4 Bh7 13. b4 Ne6 14. Na4 Nxd4 15.
Bxd4 Nd7 16. Qd2 Re8 17. Rfc1 Nf8 18. Qb2 Ne6 19. Be5 d4 20. e4 Bg5 21. Rc2
Bxe4 22. dxe4 d3 23. Bxd3 Qxd3 24. Re1 Rad8 25. h3 Bf4 26. Bxf4 Nxf4 27. Nc5
Qd6 28. Rc3 Qe5 29. Qb3 b6 30. Nd3 Nxd3 31. Rxd3 Rxd3 32. Qxd3 c5 33. bxc5 bxc5
34. Rc1 Rc8 35. Rc4 Qa1+ 36. Kh2 Qe5+ 37. g3 Rc6 38. Qd8+ Kh7 39. Qd5 Qxd5 40.
exd5 Rc8 41. d6 Kg6 42. d7 Rd8 43. Rxc5 Rxd7 1/2-1/2